| 000 | 00571nam a22002177a 4500 | ||
|---|---|---|---|
| 003 | OSt | ||
| 005 | 20210421063909.0 | ||
| 008 | 201216s1987 ||||| |||| 00| 0 jap d | ||
| 040 |
_aeng _beng _cDLC |
||
| 041 | _ajap | ||
| 080 |
_a61 _bW-19 |
||
| 100 |
_9389 _aHurst, J. Willis _eEditor |
||
| 245 | _aThe Problem Oriented System | ||
| 250 | _aThe First Japanese Edition | ||
| 260 |
_aTokyo _bIgaku-Shoin Ltd _c1987 |
||
| 300 |
_a306 p. _bill. |
||
| 650 | 0 |
_969 _aMedicine |
|
| 653 | _aმედიცინა | ||
| 700 |
_9376 _aWalker,H.Kenneth _eEditor |
||
| 942 |
_2udc _cBK |
||
| 999 |
_c658 _d658 |
||